000 01166nam0a2200313 4500
001 RU\NLR\bibl\1695237
005 20250616055834.0
010 _a978-5-8354-0686-9
_92000
021 _aRU
_b2010-76526
_95099
035 _a(NLR Aleph) 001686339
090 _a1133038
_c1133038
100 _a20101108d2010 |||y0rusy50 ca
101 0 _arus
102 _aRU
105 _ay |||||||||
200 1 _aСобственность в гражданском праве
_fК.И. Скловский
205 _a5-е изд., перераб.
210 _aМосква
_cСтатут
_d2010
215 _a891, [1] с.
_d25
300 _aНа 4-й с. обл. авт.: Скловский К.И., д.ю.н.
320 _aБиблиогр. в подстроч. примеч.
606 1 _aСобственность
_xГражданско-правовые вопросы
_yРоссийская Федерация
_92177978
_3RU\NLR\auth\661309884
686 _aХ623.14
700 1 _aСкловский
_bК. И.
_gКонстантин Ильич
_4070
801 0 _aRU
_bNLR
_c20101108
_gRCR
801 1 _aRU
_bNLR
_c20101108
942 _cBOOK
980 _aNB